[Event "BCC Annual Championship"]
[Site "?"]
[Date "2008.11.21"]
[Round "5.2"]
[White "Watson, Farid Mark"]
[Black "Craven, Richard M"]
[Result "1/2-1/2"]
[WhiteElo "1955"]
[BlackElo "1515"]
[PlyCount "97"]
[EventDate "2008.??.??"]
[SourceDate "2007.10.22"]

1. e4 e6 2. d4 d5 3. Nc3 Bb4 4. e5 c5 5. a3 cxd4 6. axb4 dxc3 7. b5 Qc7 8. Nf3
Ne7 9. Bd3 Nd7 10. O-O Nxe5 11. Nxe5 Qxe5 12. bxc3 Qxc3 13. Ra3 Qc5 14. Rb3 O-O
15. Qh5 g6 16. Qh6 e5 17. Bb2 Qd6 18. Re1 d4 19. Ba3 Qf6 20. f4 Re8 21. fxe5
Nf5 22. Qf4 Qh4 23. Qxh4 Nxh4 24. Rb4 Nf5 25. Bb2 Rd8 26. Be4 a5 27. Rc4 Be6
28. Rc7 Bd5 29. Bxd5 Rxd5 30. Rxb7 Ne3 31. Re2 Nc4 32. Ba1 Re8 33. Re4 Nd6 34.
exd6 Rxe4 35. d7 Re1+ 36. Kf2 Rxa1 37. Rb8+ Kg7 38. d8=Q Rxd8 39. Rxd8 Ra4 40.
Rd5 Rb4 41. b6 a4 42. Ra5 Kf6 43. Ke2 Rxb6 44. Rxa4 Ke5 45. Kd3 Rd6 46. Ra5+
Rd5 47. Ra7 Ke6 48. Ra6+ Kf5 49. Ra7 1/2-1/2

[Event "Berkeley CC Capablanca FNM; 30/90, SD/3"]
[Site "Berkeley"]
[Date "2011.09.30"]
[Round "3.3"]
[White "Watson, Farid Mark"]
[Black "Curto, Wayne"]
[Result "1/2-1/2"]
[WhiteElo "2010"]
[BlackElo "1900"]
[PlyCount "107"]
[EventDate "2011.??.??"]
[SourceDate "2007.10.22"]

1. e4 c6 2. d4 d5 3. exd5 cxd5 4. Bd3 Nc6 5. c3 Nf6 6. h3 e6 7. Nf3 Be7 8. O-O
a6 9. Re1 Bd7 10. Nbd2 b5 11. a3 Na5 12. Ne5 O-O 13. Qe2 Qb6 14. f4 Nc4 15. Kh2
Bd6 16. Ndf3 Bc6 17. b3 Na5 18. Bc2 Nb7 19. Bb2 Rac8 20. Rad1 a5 21. Ng5 Qc7
22. Qf2 h6 23. Qh4 Bd7 24. Ngf3 Be7 25. g4 Nd6 26. g5 Nfe4 27. Rg1 Nf5 28. Qe1
Ned6 29. Rc1 Be8 30. Bd3 h5 31. Rg2 Kh8 32. Nh4 g6 33. Rgc2 Qb7 34. c4 bxc4 35.
bxc4 Ba4 36. Rg2 Nxh4 37. Qxh4 Kg7 38. c5 Nf5 39. Qf2 Bc6 40. Rb1 Qa8 41. Bc3
Bd8 42. Rgg1 Bc7 43. Rb2 Rb8 44. Rgb1 Ba4 45. Bc2 Bxc2 46. Qxc2 Bxe5 47. fxe5
Ne3 48. Qf2 Nf5 49. Rxb8 Rxb8 50. Rxb8 Qxb8 51. Bxa5 Qb3 52. Bb4 Qd3 53. c6 Qc4
54. Bc5 {time} 1/2-1/2

[Event "Berkeley CC Colle FNM; 30/90, SD/30"]
[Site "Berkeley"]
[Date "2011.07.15"]
[Round "6.4"]
[White "Watson, Farid"]
[Black "Curto, Wayne"]
[Result "1/2-1/2"]
[WhiteElo "2022"]
[BlackElo "1900"]
[PlyCount "99"]
[EventDate "2011.??.??"]
[SourceDate "2007.10.22"]

1. e4 c6 2. d4 d5 3. exd5 cxd5 4. Bd3 Nf6 5. h3 e6 6. Nf3 Bd6 7. O-O O-O 8. Re1
h6 9. Nbd2 b6 10. c3 Ba6 11. Bb1 Nbd7 12. Ne5 Re8 13. Ndf3 Qc8 14. Nh2 Qb7 15.
Nhg4 Bf8 16. Qf3 Nxe5 17. Nxe5 Qe7 18. Bf4 Bb7 19. Qd3 g6 20. Bc2 Bg7 21. Re3
Ne4 22. f3 Nd6 23. Re2 Rac8 24. Rae1 Nc4 25. Bb1 Nxe5 26. Bxe5 Qd7 27. h4 h5
28. a3 Bxe5 29. Rxe5 Kg7 30. Kf2 Bc6 31. Qd2 Qd8 32. g3 Qf6 33. Qd3 Rc7 34. Kg2
Rh8 35. Bc2 b5 36. Qd1 a5 37. Qd2 Rhc8 38. Bd3 Rb7 39. Ra1 Ra8 40. Ree1 Rab8
41. Rac1 Re8 42. Qe2 Reb8 43. b4 Ra8 44. Ra1 Rba7 45. Qb2 a4 46. f4 Bd7 47. Re3
Rc7 48. Be2 Rac8 49. Rd1 Rh8 50. Rdd3 1/2-1/2

[Event "Berkeley CC Ch2011 FNM; 30/90, SD/30"]
[Site "Berkeley"]
[Date "2011.12.09"]
[Round "6.3"]
[White "Watson, Farid Mark"]
[Black "Gaffagan, Steven"]
[Result "1/2-1/2"]
[WhiteElo "2010"]
[BlackElo "2076"]
[PlyCount "84"]
[EventDate "2011.??.??"]
[SourceDate "2007.10.22"]

1. e4 c6 2. d4 d5 3. exd5 cxd5 4. Bd3 Nc6 5. c3 Qc7 6. Nd2 Nf6 7. h3 e5 8. dxe5
Nxe5 9. Bc2 Bd6 10. Ngf3 Ng6 11. Nb3 O-O 12. O-O Nf4 13. Bxf4 Bxf4 14. Qd3 Qc4
15. Rfe1 Qxd3 16. Bxd3 Bd6 17. Nbd4 a6 18. Rad1 g6 19. Bc2 Bd7 20. Ne5 Rfd8 21.
Nxd7 Rxd7 22. Bb3 Rad8 23. a3 Bc5 24. Kf1 Ne4 25. Bc2 Nf6 26. Re5 Bd6 27. Re2
h5 28. g3 Kg7 29. Kg2 Bc5 30. f4 Bd6 31. h4 Bc5 32. f5 Bxd4 33. Rxd4 gxf5 34.
Bxf5 Rc7 35. Bd3 Rdd7 36. Bf5 Re7 37. Rdd2 Rxe2+ 38. Rxe2 Kf8 39. Kf3 Rc5 40.
Rd2 a5 41. Rd4 Rc7 42. Kf2 Re7 1/2-1/2

[Event "Berkeley CC Colle FNM; 30/90, SD/30"]
[Site "Berkeley"]
[Date "2011.06.17"]
[Round "2.4"]
[White "Watson, Farid"]
[Black "Glasscoe, Alan"]
[Result "1-0"]
[WhiteElo "2022"]
[BlackElo "1801"]
[PlyCount "77"]
[EventDate "2011.??.??"]
[SourceDate "2007.10.22"]

1. e4 Nc6 2. d4 d5 3. e5 Bf5 4. Nf3 e6 5. Be2 Nge7 6. O-O Qd7 7. c3 Bg6 8. Nh4
Nf5 9. Nxg6 hxg6 10. Nd2 Be7 11. Nf3 O-O-O 12. Re1 Rdf8 13. Bb5 a6 14. Ba4 Nh4
15. Bf4 Nxf3+ 16. Qxf3 g5 17. Bg3 Rh6 18. Qg4 f5 19. exf6 Rfxf6 20. Re2 Rhg6
21. Rae1 Bd6 22. Bxc6 bxc6 23. Be5 Rf5 24. Qg3 Bxe5 25. Rxe5 Rgf6 26. Rxf5 Rxf5
27. Qe3 e5 28. dxe5 Qe6 29. f3 Rf4 30. g3 Rf5 31. a3 Kd7 32. b4 g6 33. Kg2 Ke7
34. a4 Kf7 35. Qa7 Rxe5 36. Qxc7+ Kf6 37. Rxe5 Qxe5 38. Qxc6+ Kf5 39. Qc8+ 1-0

[Event "BCC Adolf Anderssen Friday Night Marath"]
[Site "Berkeley"]
[Date "2009.01.30"]
[Round "4.1"]
[White "Watson, Farid Mark"]
[Black "Jahedi, Salar"]
[Result "1-0"]
[WhiteElo "1968"]
[BlackElo "2086"]
[PlyCount "83"]
[EventDate "2009.??.??"]
[SourceDate "2007.10.22"]

1. e4 e6 2. d4 d5 3. Nc3 Nf6 4. Bg5 dxe4 5. Nxe4 Be7 6. Bxf6 Bxf6 7. Nf3 O-O 8.
Qd2 Nd7 9. O-O-O b6 10. Bc4 Be7 11. h4 Bb7 12. Qe2 c5 13. dxc5 Qc7 14. Nfg5
bxc5 15. Rxd7 Qxd7 16. Nxh7 Bxe4 17. Nxf8 Qb7 18. Ba6 Qd5 19. Bc4 Qf5 20. Nd7
Bxg2 21. Rg1 Bf3 22. Qe3 Be4 23. Qh6 g6 24. h5 Rd8 25. hxg6 fxg6 26. Rxg6+ Qxg6
27. Bxe6+ Qf7 28. Bxf7+ Kxf7 29. Qf4+ Ke8 30. Nf6+ Bxf6 31. Qxe4+ Kf7 32. Qc4+
Kg7 33. a4 Rb8 34. c3 Bg5+ 35. Kc2 Rd8 36. Qxc5 Rd2+ 37. Kb3 Bf6 38. Qxa7+ Kf8
39. a5 Bd8 40. a6 Rd6 41. Qc5 Be7 42. Qxd6 1-0

[Event "BCC David Pruess Marathon"]
[Site "?"]
[Date "2008.09.19"]
[Round "3.1"]
[White "Watson, Farid"]
[Black "Jones, James"]
[Result "1-0"]
[WhiteElo "1963"]
[BlackElo "2022"]
[PlyCount "65"]
[EventDate "2008.??.??"]
[SourceDate "2007.10.22"]

1. e4 g6 2. d4 Bg7 3. f4 d6 4. Nf3 Bg4 5. c3 Nd7 6. h3 Bxf3 7. Qxf3 e6 8. Bd3
Ne7 9. O-O d5 10. e5 c5 11. b3 cxd4 12. cxd4 Qb6 13. Bb2 Nc6 14. Qf2 O-O 15.
Na3 a6 16. Rad1 Rac8 17. Bb1 f6 18. exf6 Bxf6 19. Kh1 a5 20. h4 a4 21. h5 Kg7
22. Rd3 e5 23. dxe5 Bxe5 24. Rxd5 Qc7 25. Nb5 Qd8 26. Rfd1 Rf7 27. Nd6 Bxb2 28.
Qxb2+ Kg8 29. Nxf7 Qh4+ 30. Kg1 Nb6 31. hxg6 hxg6 32. Rg5 Kxf7 33. Bxg6+ 1-0

[Event "Berkeley CC Ch2011 FNM; 30/90, SD/30"]
[Site "Berkeley"]
[Date "2011.11.18"]
[Round "3.2"]
[White "Watson, Farid Mark"]
[Black "Karas, Nicholas"]
[Result "0-1"]
[WhiteElo "2010"]
[BlackElo "2120"]
[PlyCount "44"]
[EventDate "2011.??.??"]
[SourceDate "2007.10.22"]

1. e4 c5 2. Nf3 d6 3. d4 cxd4 4. Nxd4 Nf6 5. Nc3 a6 6. Be3 e5 7. Nb3 Be6 8. f3
Be7 9. g4 Nbd7 10. Qd2 b5 11. O-O-O O-O 12. h4 b4 13. Nd5 Bxd5 14. exd5 a5 15.
Kb1 Qc7 16. g5 Nh5 17. Bd3 Nb6 18. f4 a4 19. Nc1 exf4 20. Bxf4 a3 21. b3 Nxf4
22. Qxb4 Nbxd5 0-1

[Event "Shorman Sunday Night Marathon"]
[Site "?"]
[Date "2008.01.27"]
[Round "6"]
[White "Watson, Farid"]
[Black "Krasnov, Steven"]
[Result "0-1"]
[WhiteElo "1940"]
[BlackElo "1973"]
[PlyCount "79"]
[EventDate "2008.??.??"]
[SourceDate "2007.10.22"]

1. e4 e6 2. d4 d5 3. Nc3 dxe4 4. Nxe4 Bd7 5. Nf3 Bc6 6. Bd3 Nd7 7. Qe2 Ngf6 8.
Bg5 Be7 9. Bxf6 Nxf6 10. O-O-O Qd5 11. c4 Qa5 12. Nxf6+ Bxf6 13. d5 Bd7 14. Kb1
O-O-O 15. Be4 Rhe8 16. Qc2 g6 17. d6 cxd6 18. Rxd6 Ba4 19. Rxd8+ Rxd8 20. b3
Bc6 21. Bxc6 bxc6 22. c5 Rd5 23. Rc1 Qa3 24. Qe2 Rxc5 25. Rc2 Kb7 26. h4 Qb4
27. Rc4 Qa3 28. Qc2 Rxc4 29. bxc4 Kc7 30. Ng5 Qb4+ 31. Kc1 Qe1+ 32. Qd1 Qxf2
33. Qf3 Qb2+ 34. Kd1 Qb1+ 35. Kd2 Qxa2+ 36. Kd3 Qb3+ 37. Kd2 Bxg5+ 38. hxg5
Qxf3 39. gxf3 Kd6 40. Kc3 0-1

[Event "Berkeley CC Capablanca FNM; 30/90, SD/3"]
[Site "Berkeley"]
[Date "2011.10.21"]
[Round "6.2"]
[White "Watson, Farid Mark"]
[Black "Krasnov, Steven"]
[Result "1-0"]
[WhiteElo "2010"]
[BlackElo "1974"]
[PlyCount "117"]
[EventDate "2011.??.??"]
[SourceDate "2007.10.22"]

1. e4 e6 2. d4 d5 3. Nc3 Nf6 4. Bg5 dxe4 5. Nxe4 Nbd7 6. Nf3 Be7 7. Bxf6 Nxf6
8. Nxf6+ Bxf6 9. c3 O-O 10. Bd3 Rb8 11. Qc2 h6 12. h4 Re8 13. O-O-O Qd5 14.
Bh7+ Kf8 15. Kb1 b5 16. Be4 Qd6 17. g4 Qf4 18. g5 hxg5 19. hxg5 Bxg5 20. Rh5
Bh6 21. Ne5 b4 22. c4 Kg8 23. Rdh1 Bb7 24. R5h4 Bxe4 25. Qxe4 Qxe4+ 26. Rxe4 f5
27. Reh4 a5 28. Kc2 a4 29. Kd3 b3 30. a3 Rbd8 31. c5 Rd5 32. Kc4 Kf8 33. Rg1
Red8 34. Nc6 Ra8 35. f4 Kf7 36. Kb5 Kf6 37. Rd1 Kf7 38. Na5 Rad8 39. Nc6 Ra8
40. Rd3 Ke8 41. Rg3 Kf7 42. Rc3 Ke8 43. Rc4 Kf7 44. Rxa4 Rxa4 45. Kxa4 Ke8 46.
Kxb3 Kd7 47. Ne5+ Kc8 48. Kc4 Kb7 49. b4 c6 50. a4 Rd8 51. b5 cxb5+ 52. axb5
Ra8 53. c6+ Kb6 54. Nd7+ Kc7 55. Kc5 Ra5 56. Ne5 Ra2 57. b6+ Kc8 58. Kd6 Rd2
59. b7+ 1-0

[Event "Berkeley CC Santasiere FNM; 30/90, SD/3"]
[Site "Berkeley CA"]
[Date "2009.09.04"]
[Round "5.3"]
[White "Watson, Farid Mark"]
[Black "Landrum, Brett John"]
[Result "1-0"]
[WhiteElo "1905"]
[BlackElo "1429"]
[PlyCount "59"]
[EventDate "2009.??.??"]
[SourceDate "2007.10.22"]

1. e4 e5 2. Nf3 d6 3. d4 exd4 4. Nxd4 Bd7 5. Bc4 Nf6 6. Nc3 Be7 7. Bg5 O-O 8.
Qd2 Nc6 9. Nxc6 Bxc6 10. f3 Nd7 11. Be3 Ne5 12. Bb3 Bf6 13. O-O-O a5 14. f4 Ng6
15. Bd5 Bxc3 16. Qxc3 Bxd5 17. exd5 b6 18. h4 Nxh4 19. Bd4 Nf5 20. Qh3 Nh4 21.
g3 h6 22. gxh4 Qc8 23. Qg3 f6 24. Rhg1 Rf7 25. Qg6 Qd7 26. Bxf6 Raf8 27. Bc3
Qf5 28. Qxf5 Rxf5 29. Rxg7+ Kh8 30. Rdg1 1-0

[Event "Berkeley CC FNM; 30/90, SD/30"]
[Site "Berkeley"]
[Date "2009.06.05"]
[Round "6.5"]
[White "Watson, Farid"]
[Black "Landrum, Brett"]
[Result "1-0"]
[WhiteElo "1960"]
[BlackElo "1407"]
[PlyCount "57"]
[EventDate "2009.??.??"]
[SourceDate "2007.10.22"]

1. e4 e5 2. Nf3 Nc6 3. Bb5 Nge7 4. O-O a6 5. Ba4 d6 6. c3 Bd7 7. d4 exd4 8.
cxd4 Ng6 9. Nc3 Be7 10. Be3 b5 11. Bb3 Bg4 12. Bd5 Bd7 13. Rc1 O-O 14. Ne2 Qe8
15. Ng3 Rb8 16. Bxc6 Bxc6 17. d5 Bd7 18. Rxc7 Bd8 19. Rc1 Bg4 20. h3 Bxf3 21.
Qxf3 Bh4 22. Nf5 Qd7 23. Bd4 Ne5 24. Bxe5 Bxf2+ 25. Qxf2 dxe5 26. d6 g6 27.
Ne7+ Kg7 28. Qf6+ Kh6 29. Nf5+ 1-0

[Event "Berkeley CC Capablanca FNM; 30/90, SD/3"]
[Site "Berkeley"]
[Date "2011.10.07"]
[Round "4.5"]
[White "Watson, Farid Mark"]
[Black "Loica, Caius"]
[Result "1-0"]
[WhiteElo "2010"]
[BlackElo "1520"]
[PlyCount "112"]
[EventDate "2011.??.??"]
[SourceDate "2007.10.22"]

1. e4 e6 2. d4 d5 3. Nc3 Bb4 4. e5 Ne7 5. Nf3 c5 6. a3 Bxc3+ 7. bxc3 Qc7 8. a4
Bd7 9. Bd3 Qa5 10. O-O c4 11. Be2 Bxa4 12. Qd2 Nd7 13. Ba3 h6 14. Rfb1 b5 15.
Ne1 Qc7 16. Qf4 f6 17. Bd6 Qc6 18. Bh5+ Kd8 19. Qd2 fxe5 20. Bxe5 Nxe5 21. dxe5
Rf8 22. Nf3 Qc7 23. Re1 Nc6 24. Rad1 a5 25. Bg4 Qe7 26. Re2 Kc7 27. Ra1 Qf7 28.
g3 Qg6 29. h3 h5 30. Nh4 Qf7 31. Bf3 Rg8 32. Bg2 g5 33. Nf3 Qf5 34. h4 gxh4 35.
Nxh4 Qf7 36. Re3 Qe7 37. Kh2 Qc5 38. f4 Rad8 39. Nf3 Bxc2 40. Nd4 Nxd4 41. cxd4
Qb6 42. Qxc2 Qxd4 43. Rae1 b4 44. Qh7+ Kb6 45. Qf7 Rge8 46. f5 exf5 47. Qxf5
Qg4 48. Qf2 Qd4 49. e6 Re7 50. Qf5 b3 51. Re5 Kc6 52. Qf6 Qc5 53. Rd1 Kc7 54.
Rexd5 Rxd5 55. Rxd5 Qb4 56. Qf4+ Kc8 {B time exp} 1-0

[Event "BCC Grand ReOpening 2007"]
[Site "?"]
[Date "2007.09.30"]
[Round "4"]
[White "Watson, Farid"]
[Black "Lum, Michael"]
[Result "0-1"]
[WhiteElo "1954"]
[BlackElo "1788"]
[PlyCount "82"]
[EventDate "2007.??.??"]
[SourceDate "2007.10.22"]

1. e4 c6 2. d4 d5 3. e5 Bf5 4. Nc3 e6 5. h4 h6 6. Be3 Ne7 7. g4 Bg6 8. h5 Bh7
9. Nge2 Nd7 10. Ng3 c5 11. f4 Nc6 12. Nce2 cxd4 13. Nxd4 Nxd4 14. Bxd4 Qc7 15.
c3 Bc5 16. Bb5 O-O-O 17. Qa4 Kb8 18. Bxd7 Bxd4 19. Qxd4 Qxd7 20. O-O Rc8 21.
Kh2 Rc4 22. Qf2 Qc7 23. Rad1 f6 24. Rfe1 Rf8 25. Qe3 fxe5 26. fxe5 Rxg4 27. Rd4
Rxd4 28. Qxd4 Rf3 29. Re2 Qf7 30. Qh4 Kc7 31. Qb4 b6 32. Kg2 Bd3 33. Rd2 Bf1+
34. Nxf1 Rxf1 35. Qg4 Rf4 36. Qd1 Qf5 37. Rd3 Rf2+ 38. Kg1 Qf4 39. Rh3 Rxb2 40.
Qe1 Qf5 41. Rg3 Rb1 0-1

[Event "Berkeley CC FNM; 30/90, SD/30"]
[Site "Berkeley"]
[Date "2009.05.22"]
[Round "4.2"]
[White "Watson, Farid"]
[Black "Macintyre, Brendan"]
[Result "1/2-1/2"]
[WhiteElo "1960"]
[BlackElo "1689"]
[PlyCount "111"]
[EventDate "2009.??.??"]
[SourceDate "2007.10.22"]

1. e4 c5 2. Nf3 Nc6 3. Nc3 g6 4. d4 cxd4 5. Nxd4 Bg7 6. Be3 Nf6 7. Nxc6 bxc6 8.
e5 Ng8 9. f4 Nh6 10. Bd3 d6 11. Qf3 Qc7 12. O-O Nf5 13. Bxf5 Bxf5 14. Nb5 Qb7
15. Nd4 Bd7 16. exd6 e6 17. c4 O-O 18. Rad1 Qxb2 19. Rf2 Qc3 20. Rc2 Qb4 21. c5
Qa4 22. Nb3 Rab8 23. Bd4 Rb4 24. Bxg7 Kxg7 25. Qc3+ f6 26. Rd4 Rfb8 27. Rcd2
Rxd4 28. Nxd4 Rb4 29. Qe3 Kf7 30. g3 Rb1+ 31. Kf2 Qc4 32. Qd3 Qc1 33. Nb3 Qg1+
34. Kf3 Qh1+ 35. Kg4 e5+ 36. Kh4 exf4 37. Re2 Re1 38. gxf4 Qg1 39. Qf3 h5 40.
Rxe1 Qxe1+ 41. Qg3 Qe2 42. Nd4 Qxa2 43. f5 g5+ 44. Kxh5 Qd5 45. Qe3 Kg8 46. Qe7
Qf7+ 47. Qxf7+ Kxf7 48. Kg4 a5 49. h4 gxh4 50. Kxh4 a4 51. Kg4 a3 52. Kf4 a2
53. Nb3 Bc8 54. Na1 Ba6 55. Ke3 Bc4 56. Kd4 1/2-1/2

[Event "BCC Adolf Anderssen Friday Night Marath"]
[Site "Berkeley"]
[Date "2009.01.16"]
[Round "2.2"]
[White "Watson, Farid Mark"]
[Black "Macintyre, Brendan"]
[Result "1-0"]
[WhiteElo "1968"]
[BlackElo "1654"]
[PlyCount "105"]
[EventDate "2009.??.??"]
[SourceDate "2007.10.22"]

1. e4 c5 2. Nf3 Nc6 3. d4 cxd4 4. Nxd4 g6 5. Nc3 Bg7 6. Be3 Nf6 7. Be2 O-O 8.
Nb3 b6 9. O-O Bb7 10. f4 d6 11. Bf3 Rc8 12. Ne2 Qc7 13. c3 Ba6 14. Rf2 Bxe2 15.
Qxe2 e6 16. g4 d5 17. e5 Ne4 18. Bxe4 dxe4 19. Qc2 Nb4 20. Qxe4 Nd5 21. Bd4 Qd7
22. Re1 Qa4 23. Nc1 Qd7 24. Ne2 b5 25. a3 a5 26. Ng3 b4 27. axb4 axb4 28. Qd3
Qc6 29. Ne4 bxc3 30. bxc3 Rb8 31. Rb1 Rxb1+ 32. Qxb1 f6 33. exf6 Nxf6 34. Nxf6+
Bxf6 35. Bxf6 Rxf6 36. Qb4 Rf7 37. Qb8+ Rf8 38. Qe5 Rd8 39. Re2 Rd1+ 40. Kf2
Qb6+ 41. Qe3 Qxe3+ 42. Kxe3 Kf7 43. Rd2 Re1+ 44. Kf2 Re4 45. Rd4 Rxd4 46. cxd4
h6 47. Ke3 Kf6 48. Ke4 g5 49. h3 Ke7 50. f5 Kf6 51. fxe6 Kxe6 52. d5+ Kf6 53.
Kd4 1-0

[Event "Berkeley CC De Firmian FNM; 30/90, SD/30"]
[Site "Berkeley"]
[Date "2012.04.20"]
[Round "4.2"]
[White "Watson, Farid Mark"]
[Black "Maser, Thomas F"]
[Result "1-0"]
[WhiteElo "2025"]
[BlackElo "1930"]
[PlyCount "53"]
[EventDate "2012.??.??"]

1. e4 e5 2. Nf3 Nc6 3. Bb5 a6 4. Ba4 d6 5. c3 Bd7 6. O-O Nf6 7. Re1 g6 8. d3
Bg7 9. Nbd2 O-O 10. Nf1 Qe8 11. Bc2 Rd8 12. Bg5 h6 13. Bh4 b5 14. Ne3 Ne7 15.
a4 Nh5 16. Nd5 Nxd5 17. Bxd8 Ndf4 18. Bh4 f5 19. axb5 axb5 20. Ra7 fxe4 21.
dxe4 Nxg2 22. Kxg2 Bg4 23. Re3 Qc8 24. Kf1 Bf6 25. Qd5+ Kh8 26. Bxf6+ Rxf6 27.
Ra8 1-0

[Event "Berkeley CC Santasiere FNM; 30/90, SD/3"]
[Site "Berkeley CA"]
[Date "2009.08.07"]
[Round "1.2"]
[White "Watson, Farid Mark"]
[Black "Muntean, Tudor"]
[Result "1-0"]
[WhiteElo "1905"]
[BlackElo "1578"]
[PlyCount "71"]
[EventDate "2009.??.??"]
[SourceDate "2007.10.22"]

1. e4 c6 2. d4 d5 3. exd5 cxd5 4. Bd3 Nc6 5. c3 Nf6 6. Bf4 Qb6 7. Qb3 Qxb3 8.
axb3 g6 9. b4 Nh5 10. Be3 Bg7 11. b5 Nd8 12. Nf3 Ne6 13. g3 Bd7 14. Ne5 Rc8 15.
Rxa7 Bxe5 16. dxe5 d4 17. Bh6 Nc5 18. Kd2 dxc3+ 19. Nxc3 Rd8 20. Nd5 e6 21.
Nc7+ Ke7 22. Ra3 Rc8 23. b6 Rhd8 24. Ke3 f5 25. Bg5+ Kf7 26. Bxd8 Rxd8 27. Bb5
Bxb5 28. Nxb5 Nd7 29. Nd6+ Ke7 30. f4 Nxb6 31. Ra7 Nd5+ 32. Kd4 Ng7 33. Rxb7+
Rd7 34. Rxd7+ Kxd7 35. Ra1 Kc6 36. Ra6+ 1-0

[Event "Blackburne Friday Night Marathon"]
[Site "Berkeley"]
[Date "2009.03.13"]
[Round "1"]
[White "Watson, Farid Mark"]
[Black "Nelson, Christopher"]
[Result "1-0"]
[WhiteElo "1938"]
[BlackElo "1420"]
[PlyCount "75"]
[EventDate "2009.??.??"]
[SourceDate "2007.10.22"]

1. e4 e5 2. Nf3 Nc6 3. Bb5 Nf6 4. O-O Nxe4 5. d4 Nd6 6. Bxc6 bxc6 7. Nxe5 Be7
8. c4 O-O 9. b3 f6 10. Nd3 Nf5 11. Nf4 d5 12. cxd5 cxd5 13. Nc3 c6 14. Na4 Re8
15. Bb2 Qc7 16. g3 Bd6 17. Ng2 a5 18. Rc1 Bb4 19. Bc3 Ba6 20. Re1 Bb5 21. Nc5
Bxc5 22. dxc5 Qd7 23. Qd2 a4 24. bxa4 Rxe1+ 25. Rxe1 Rxa4 26. Nf4 d4 27. Bb4
Bc4 28. a3 d3 29. Qc3 Qf7 30. Nxd3 Bxd3 31. Qxd3 Ne7 32. Qd8+ Qf8 33. Qxe7 Ra8
34. Qe6+ Qf7 35. Qxc6 Rd8 36. Ba5 Qd7 37. Qxd7 Rxd7 38. c6 1-0

[Event "BCC David Pruess Marathon"]
[Site "?"]
[Date "2008.09.05"]
[Round "1.3"]
[White "Watson, Farid"]
[Black "Nelson, Chris"]
[Result "1-0"]
[WhiteElo "1963"]
[BlackElo "1432"]
[PlyCount "95"]
[EventDate "2008.??.??"]
[SourceDate "2007.10.22"]

1. e4 e5 2. Nf3 Nc6 3. Bb5 Nf6 4. O-O Nxe4 5. Re1 Nd6 6. Bxc6 dxc6 7. Nxe5 Be7
8. Nc3 O-O 9. d3 f5 10. f4 Ne8 11. Be3 Nf6 12. Qe2 Bb4 13. a3 Bd6 14. d4 Re8
15. Rad1 Ng4 16. Qf3 Re6 17. Bf2 Bd7 18. Na4 Rh6 19. h3 Bxe5 20. dxe5 Nxf2 21.
Qxf2 Qe8 22. Nc5 Be6 23. Qd4 b5 24. b3 Qg6 25. Nxe6 Qxe6 26. Qd7 Rc8 27. Rd3 a6
28. Kf2 Qxd7 29. Rxd7 Re6 30. g4 g6 31. gxf5 gxf5 32. Rg1+ Rg6 33. Rxg6+ hxg6
34. Kg3 c5 35. Kh4 c4 36. bxc4 bxc4 37. Kg5 c5 38. Kxg6 Rb8 39. e6 Kf8 40. Kxf5
Rb2 41. Kf6 Ke8 42. Rh7 Kd8 43. Rh8+ Kc7 44. e7 Rxc2 45. e8=Q Rd2 46. Qb8+ Kc6
47. Rc8+ Kd5 48. Qe5# 1-0

[Event "Berkeley CC De Firmian FNM; 30/90, SD/30"]
[Site "Berkeley"]
[Date "2012.05.04"]
[Round "6.1"]
[White "Watson, Farid Mark"]
[Black "Poehlmann, Roger M"]
[Result "0-1"]
[WhiteElo "2025"]
[BlackElo "2256"]
[PlyCount "78"]
[EventDate "2012.??.??"]

1. e4 e6 2. d4 d5 3. Nc3 Nf6 4. e5 Nfd7 5. f4 c5 6. Nf3 Nc6 7. Be3 a6 8. Qd2 b5
9. a3 b4 10. axb4 cxb4 11. Ne2 Be7 12. f5 exf5 13. Nf4 Nb6 14. b3 g5 15. Nh5 f4
16. Bf2 Bg4 17. Nxf4 gxf4 18. Qxf4 Rg8 19. h4 h5 20. Bd3 Qd7 21. Kd2 a5 22. Bb5
Qe6 23. Rhf1 Kf8 24. Ng5 Bxg5 25. hxg5 Ne7 26. Bd3 Bf5 27. Be3 Bg6 28. Rf3 Bxd3
29. cxd3 Nd7 30. Qh2 Rh8 31. Raf1 Rh7 32. Rf6 Nxf6 33. exf6 Ng6 34. Rc1 Kg8 35.
Qc7 h4 36. Rc6 Qg4 37. Kc2 Qxg2+ 38. Bd2 h3 39. Qb7 Rf8 0-1

[Event "Berkeley CC Christiansen FNM; 30/90, SD/"]
[Site "Berkeley"]
[Date "2012.05.25"]
[Round "3.2"]
[White "Watson, Farid Mark"]
[Black "Poehlmann, Roger M"]
[Result "1-0"]
[WhiteElo "2046"]
[BlackElo "2265"]
[PlyCount "73"]
[EventDate "2012.??.??"]

1. e4 e6 2. d4 d5 3. Nc3 Nf6 4. e5 Nfd7 5. f4 c5 6. Nf3 Nc6 7. Be3 a6 8. Qd2 b5
9. a3 b4 10. axb4 cxb4 11. Ne2 Be7 12. f5 exf5 13. Nf4 Nb6 14. h4 Qc7 15. Nh5
Rg8 16. Bf4 Qb7 17. Bd3 Be6 18. b3 a5 19. Bb5 Nd7 20. Bd3 Nb6 21. Ng3 g6 22.
Bb5 Nd7 23. Ba4 h5 24. Bg5 Bf8 25. Ne2 Qb6 26. O-O Bg7 27. Kh1 Bf8 28. Rac1 Rc8
29. c4 bxc3 30. Qxc3 Bb4 31. Qxc6 Rxc6 32. Rxc6 Qb7 33. Rfc1 Kf8 34. Rc7 Qa6
35. Bxd7 Bxd7 36. Rxd7 Qxe2 37. Bf6 1-0

[Event "BCC Annual Championship"]
[Site "?"]
[Date "2008.11.14"]
[Round "4.2"]
[White "Watson, Farid Mark"]
[Black "Ren, James"]
[Result "1-0"]
[WhiteElo "1955"]
[BlackElo "1320"]
[PlyCount "117"]
[EventDate "2008.??.??"]
[SourceDate "2007.10.22"]

1. e4 c5 2. Nf3 d6 3. d4 cxd4 4. Nxd4 Nf6 5. Nc3 g6 6. Be3 Bg7 7. f3 O-O 8. Qd2
Nc6 9. O-O-O Nxd4 10. Bxd4 Be6 11. Kb1 Qa5 12. Nd5 Qxd2 13. Nxe7+ Kh8 14. Rxd2
Rfe8 15. Bxf6 Bxf6 16. Nd5 Bxd5 17. Rxd5 Red8 18. Bc4 Rac8 19. Bb3 Kg7 20. Rhd1
Be7 21. Ra5 a6 22. Bd5 Rc5 23. Ra3 Rc7 24. f4 h5 25. g3 Rf8 26. Rb3 Rb8 27. Rd4
b5 28. a4 Rc5 29. Rdb4 Bd8 30. axb5 axb5 31. Ra3 Bb6 32. Ra6 f5 33. Be6 fxe4
34. Rxe4 Rc7 35. Bd5 Bc5 36. b4 Bb6 37. Re6 Rd7 38. Be4 Kf8 39. Rf6+ Rf7 40.
Rxd6 Bg1 41. Bxg6 Re7 42. Bxh5 Bxh2 43. Rf6+ Kg8 44. Rg6+ Rg7 45. Rxg7+ Kxg7
46. Rg6+ Kf8 47. Rg5 Rb7 48. Be2 Rb6 49. Bxb5 Bxg3 50. Rxg3 Rxb5 51. c3 Ke7 52.
Rg5 Rb8 53. Kb2 Rf8 54. Re5+ Kf6 55. c4 Kg6 56. f5+ Kg5 57. Kc3 Rh8 58. b5 Rh1
59. b6 1-0

[Event "George Koltanowski Sunday Marathon"]
[Site "?"]
[Date "2007.10.28"]
[Round "2"]
[White "Watson, Farid"]
[Black "Riese, Kayven"]
[Result "1/2-1/2"]
[WhiteElo "1954"]
[BlackElo "1833"]
[PlyCount "170"]
[EventDate "2007.10.28"]
[SourceDate "2007.10.22"]

1. e4 c5 2. Nf3 d6 3. d4 cxd4 4. Nxd4 Nf6 5. Nc3 e5 6. Ndb5 a6 7. Na3 Be6 8.
Bg5 Nbd7 9. Nc4 Qc7 10. Ne3 Qa5 11. Qd2 Rc8 12. Bxf6 Nxf6 13. f3 b5 14. a3 Be7
15. Be2 h6 16. h4 Nh5 17. Ncd5 Qxd2+ 18. Kxd2 Ng3 19. Rhc1 Bxh4 20. c4 Bxd5 21.
cxd5 Kd7 22. a4 Nxe2 23. Kxe2 Rxc1 24. Rxc1 bxa4 25. Rc6 Rb8 26. Nc4 Be7 27.
Rxa6 Rb4 28. Kd3 g6 29. Rxa4 Rb7 30. Ra6 f5 31. Kc3 f4 32. b4 g5 33. Na5 Rc7+
34. Nc6 Bd8 35. Kc4 h5 36. b5 Be7 37. b6 Rxc6+ 38. dxc6+ Kxc6 39. Ra7 Bd8 40.
Rh7 g4 41. Rxh5 gxf3 42. gxf3 Bxb6 43. Rh8 Bd4 44. Ra8 Kb7 45. Ra5 Bb6 46. Rd5
Kc6 47. Kd3 Bc5 48. Ke2 Kb5 49. Kf1 Kc4 50. Kg2 Kc3 51. Kh3 Bd4 52. Rxd6 Kd3
53. Kg4 Ke3 54. Ra6 Ke2 55. Ra2+ Ke3 56. Ra3+ Kf2 57. Rb3 Be3 58. Rb2+ Ke1 59.
Kf5 Bd4 60. Ra2 Bc3 61. Ke6 Kd1 62. Kd5 Ke1 63. Kc4 Bd4 64. Kd3 Kf1 65. Rc2 Bf2
66. Rc1+ Kg2 67. Ke2 Bd4 68. Rc8 Kg3 69. Rg8+ Kh4 70. Kd3 Kh3 71. Rg5 Ba1 72.
Kc4 Kh4 73. Rg4+ Kh3 74. Kd5 Bd4 75. Rxf4 exf4 76. Kxd4 Kg3 77. e5 Kxf3 78. e6
Kg2 79. e7 f3 80. e8=Q f2 81. Qg6+ Kh2 82. Qh5+ Kg1 83. Qg4+ Kh2 84. Qf3 Kg1
85. Qg3+ Kh1 1/2-1/2